UBT Library

Healthcare strategic planning : (Record no. 43292)

000 -LEADER
fixed length control field 00776pam a2200229 a 4500
001 - CONTROL NUMBER
control field 3543900
005 - DATE AND TIME OF LATEST TRANSACTION
control field 20180223081141.0
008 - FIXED-LENGTH DATA ELEMENTS--GENERAL INFORMATION
fixed length control field 970703s1998 ilua b 000 0 eng
010 ## - LIBRARY OF CONGRESS CONTROL NUMBER
LC control number 97029506
020 ## - INTERNATIONAL STANDARD BOOK NUMBER
International Standard Book Number 1567930689 (pbk.)
040 ## - CATALOGING SOURCE
Original cataloging agency DLC
Transcribing agency DLC
Modifying agency DLC
041 ## - LANGUAGE CODE
Language code of text/sound track or separate title eng
080 ## - UNIVERSAL DECIMAL CLASSIFICATION NUMBER
Universal Decimal Classification number 362.1068 ZUC
082 00 - DEWEY DECIMAL CLASSIFICATION NUMBER
Classification number 362.1068 ZUC
Edition number 21
100 1# - Rafti
Rafti 3
101 ## - Shkurtesa
Shkurtesa SHM
245 10 - TITLE STATEMENT
Title Healthcare strategic planning :
Statement of responsibility, etc Alan M. Zuckerman.
504 ## - BIBLIOGRAPHY, ETC. NOTE
Bibliography, etc Includes bibliographical references.
906 ## - LOCAL DATA ELEMENT F, LDF (RLIN)
a 7
b cbc
c orignew
d 1
e ocip
f 19
g y-gencatlg
942 ## - ADDED ENTRY ELEMENTS (KOHA)
Source of classification or shelving scheme
Item type Books

No items available.

UBT Library © 2015-2024. All rights reserved University Education for Business and Technology